|
|
|
|
| LEADER |
01890nam a2200337 a 4500 |
| 001 |
2617349 |
| 008 |
090827s1999 maua b 001 0 eng d |
| 010 |
|
|
|a 98044231
|
| 020 |
|
|
|a 0072899050 (acid-free paper)
|
| 020 |
|
|
|a 0071167560
|
| 040 |
|
|
|a DLC
|c DLC
|d DLC
|
| 082 |
0 |
0 |
|a 511
|2 21
|
| 100 |
1 |
|
|a Rosen, Kenneth H.
|
| 245 |
1 |
0 |
|a Discrete mathematics and its applications /
|c Kenneth H. Rosen.
|
| 250 |
|
|
|a 4th ed.
|
| 260 |
|
|
|a Boston :
|b WCB/McGraw-Hill,
|c c1999.[printing 2000]
|
| 300 |
|
|
|a xxii, 678 p. :
|b ill. ;
|c 27 cm.
|
| 504 |
|
|
|a Includes bibliographical references and index.
|
| 541 |
1 |
|
|e 00011490
|
| 650 |
|
0 |
|a Mathematics.
|
| 650 |
|
0 |
|a Computer science
|x Mathematics.
|
| 852 |
4 |
|
|a Ayesha Abed Library
|j General Shelf.
|
| 942 |
0 |
0 |
|0 1
|
| 999 |
|
|
|c 3543
|d 3543
|
| 952 |
|
|
|0 0
|1 0
|2 ddc
|4 0
|6 511_ROS
|7 0
|9 3216
|a BRACUL
|b BRACUL
|c GEN
|d 2009-09-02
|g 0.00
|l 27
|m 180
|o 511 ROS
|p 3010011490
|r 2025-04-26
|s 2025-04-26
|t 1
|w 2009-09-02
|y BK
|x No price found in the accession register.
|
| 952 |
|
|
|0 0
|1 0
|2 ddc
|4 0
|6 511_ROS
|7 0
|9 9120
|a BRACUL
|b BRACUL
|c GEN
|d 2010-04-08
|l 24
|m 165
|o 511 ROS
|p 3010011489
|r 2025-04-27
|s 2025-03-18
|t 2
|w 2010-04-08
|y BK
|
| 952 |
|
|
|0 0
|1 0
|2 ddc
|4 0
|6 511_ROS
|7 0
|9 9149
|a BRACUL
|b BRACUL
|c GEN
|d 2010-04-11
|l 21
|m 149
|o 511 ROS
|p 3010011485
|r 2024-11-30
|s 2024-02-27
|t 3
|w 2010-04-11
|y BK
|
| 952 |
|
|
|0 0
|1 0
|2 ddc
|4 0
|6 511_ROS
|7 0
|9 9401
|a BRACUL
|b BRACUL
|c GEN
|d 2010-04-24
|l 24
|m 149
|o 511 ROS
|p 3010011491
|r 2026-02-25
|s 2026-02-19
|t 4
|w 2010-04-24
|y BK
|
| 952 |
|
|
|0 0
|1 0
|2 ddc
|4 0
|6 511_ROS
|7 0
|9 11509
|a BRACUL
|b BRACUL
|c GEN
|d 2010-07-04
|l 26
|m 171
|o 511 ROS
|p 3010011487
|r 2025-10-26
|s 2025-10-24
|t 5
|w 2010-07-04
|y BK
|
| 952 |
|
|
|0 0
|1 0
|2 ddc
|4 0
|6 511_ROS
|7 0
|9 13990
|a BRACUL
|b BRACUL
|c GEN
|d 2011-01-18
|l 25
|m 144
|o 511 ROS
|p 3010011483
|r 2025-09-02
|s 2025-04-26
|t 6
|w 2011-01-18
|y BK
|
| 952 |
|
|
|0 0
|1 0
|2 ddc
|4 0
|6 511_ROS
|7 0
|9 16200
|a BRACUL
|b BRACUL
|c GEN
|d 2011-04-25
|l 27
|m 147
|o 511 ROS
|p 3010011484
|r 2025-10-07
|s 2025-07-17
|t 11
|w 2011-04-25
|y BK
|